Understanding culture, society, & politics: (Record no. 362190)
[ view plain ]
| 000 -LEADER | |
|---|---|
| fixed length control field | 00615nam a2200145Ia 4500 |
| 008 - FIXED-LENGTH DATA ELEMENTS--GENERAL INFORMATION | |
| fixed length control field | 190925s9999 xx 000 0 und d |
| 020 ## - INTERNATIONAL STANDARD BOOK NUMBER | |
| International Standard Book Number | 978-971-98-0452-9 |
| 100 ## - MAIN ENTRY--PERSONAL NAME | |
| Personal name | Atienza, Maria Ela |
| 245 ## - TITLE STATEMENT | |
| Statement of responsibility, etc | Maria Ela Atienza,Ruth Lusterio Rico, Aries Arugay, Jean Encinas - Franco, Dennis Quilala.-- |
| Title | Understanding culture, society, & politics: |
| Remainder of title | for Senior High School / |
| 260 ## - PUBLICATION, DISTRIBUTION, ETC. (IMPRINT) | |
| Place of publication, distribution, etc | Quezon City: |
| Name of publisher, distributor, etc | C & E Publishing, Inc. |
| Date of publication, distribution, etc | 2016 |
| 300 ## - PHYSICAL DESCRIPTION | |
| Extent | 195 pages : |
| Other physical details | black & white pictures |
| 500 ## - GENERAL NOTE | |
| General note | Inludes appendices, glossary, index and about the authors. |
| 650 ## - SUBJECT ADDED ENTRY--TOPICAL TERM | |
| Topical term or geographic name as entry element | Culture |
| 650 ## - SUBJECT ADDED ENTRY--TOPICAL TERM | |
| Topical term or geographic name as entry element | Culture -- Study and teaching |
| Withdrawn status | Lost status | Source of classification or shelving scheme | Damaged status | Home library | Current library | Shelving location | Date acquired | Source of acquisition | Total Checkouts | Full call number | Barcode | Date last seen | Price effective from | Koha item type |
|---|---|---|---|---|---|---|---|---|---|---|---|---|---|---|
| Library of Congress Classification | Southville International School Affiliated with Foreign Universities Library | Southville International School Affiliated with Foreign Universities Library | Southville Foreign University Section | 09/25/2019 | Donation | HM 101 .AT864 2016 | SFU0010 | 09/25/2019 | 09/25/2019 | Books |